| 000 | 00459pam a2200181 a 4500 | ||
|---|---|---|---|
| 020 | _a0834802147 | ||
| 040 | _cDLC | ||
| 082 | 0 | 0 | _a796 WEA 1986 A086 Or. |
| 100 | 1 | _aSackett, Joel. | |
| 245 | 1 | 0 |
_aRikishi : _bthe men of sumo / |
| 250 | _a1st ed. | ||
| 260 |
_aNew York : _bWeatherhill, _c1986. |
||
| 300 |
_axii, 182 p., [8] p. of plates : _bill. (some col.) ; _c27 cm. |
||
| 650 | 0 | _aSumo | |
| 650 | 0 | _aWrestlers | |
| 700 | 1 | _aBenson, Wes. | |
| 942 | _cEK | ||
| 999 |
_c11783 _d11783 |
||